| 000 | 00459pab a2200169 454500 | ||
|---|---|---|---|
| 008 | 180718b1997 xxu||||| |||| 00| 0 eng d | ||
| 100 | _aArene, C.J. | ||
| 245 | _aImpact of value-added tax on the capital structure and profitability of Premier Breweries Plc, Nigeria | ||
| 260 | _c1997 | ||
| 300 | _ap.71-77 | ||
| 362 | _aJul-Sep | ||
| 650 | _aTaxation - Nigeria | ||
| 650 | _aTaxation | ||
| 700 | _aNdomadu, S.O. | ||
| 773 | _aVikalpa | ||
| 909 | _a35542 | ||
| 999 |
_c35542 _d35542 |
||